000 00515nam a2200181Ia 4500
008 131103s9999 xx 000 0 und d
040 _aLoreto College
041 _aEnglish
082 _a822.33(ID)/JUL/DOR
_bLCLIB/16572
245 _aJulius Caesar
_cEdited by T.S.Dorsch
260 _aLondon
_bmethuen & co.
_c1966
300 _alxxi,166 p.
_c 21 cm.
650 _aShakespeare, William - criticism
651 _aEnglish Drama
700 _aDorch,T.S.,ed.
850 _aLCLIB/822.33(ID)/JUL/DOR
942 _cBK
999 _c21989
_d72468